<?xml version="1.0" encoding="UTF-8"?>
<record
    xmlns:xsi="http://www.w3.org/2001/XMLSchema-instance"
    xsi:schemaLocation="http://www.loc.gov/MARC21/slim http://www.loc.gov/standards/marcxml/schema/MARC21slim.xsd"
    xmlns="http://www.loc.gov/MARC21/slim">

  <leader>00937nam a22001937a 4500</leader>
  <controlfield tag="008">120606s2007    ua||||| |||| 00| 0 ara d</controlfield>
  <datafield tag="082" ind1=" " ind2=" ">
    <subfield code="2">22</subfield>
    <subfield code="a">616.692</subfield>
    <subfield code="b">&#x62A; &#x62F; &#x628;</subfield>
  </datafield>
  <datafield tag="110" ind1=" " ind2=" ">
    <subfield code="9">30010</subfield>
    <subfield code="a">&#x645;&#x646;&#x638;&#x645;&#x629; &#x627;&#x644;&#x635;&#x62D;&#x629; &#x627;&#x644;&#x639;&#x627;&#x644;&#x645;&#x64A;&#x629;</subfield>
  </datafield>
  <datafield tag="245" ind1=" " ind2=" ">
    <subfield code="a">&#x627;&#x644;&#x62A;&#x62F;&#x628;&#x64A;&#x631; &#x627;&#x644;&#x639;&#x644;&#x627;&#x62C;&#x64A; &#x644;&#x645;&#x636;&#x627;&#x639;&#x641;&#x627;&#x62A; &#x627;&#x644;&#x62D;&#x645;&#x644; &#x648;&#x627;&#x644;&#x648;&#x644;&#x627;&#x62F;&#x629; :</subfield>
    <subfield code="b">&#x62F;&#x644;&#x64A;&#x644; &#x644;&#x644;&#x642;&#x627;&#x628;&#x644;&#x627;&#x62A; &#x648;&#x627;&#x644;&#x627;&#x637;&#x628;&#x627;&#x621; /</subfield>
    <subfield code="c">&#x645;&#x646;&#x638;&#x645;&#x629; &#x627;&#x644;&#x635;&#x62D;&#x629; &#x627;&#x644;&#x639;&#x627;&#x644;&#x645;&#x64A;&#x629;.</subfield>
  </datafield>
  <datafield tag="260" ind1=" " ind2=" ">
    <subfield code="a">&#x627;&#x644;&#x642;&#x627;&#x647;&#x631;&#x629; :</subfield>
    <subfield code="b">&#x627;&#x644;&#x645;&#x643;&#x62A;&#x628; &#x627;&#x644;&#x627;&#x642;&#x644;&#x64A;&#x645;&#x64A; &#x644;&#x634;&#x631;&#x642; &#x627;&#x644;&#x645;&#x62A;&#x648;&#x633;&#x637;&#x60C;</subfield>
    <subfield code="c">2007.</subfield>
  </datafield>
  <datafield tag="300" ind1=" " ind2=" ">
    <subfield code="a">112 &#x635;. :</subfield>
    <subfield code="b">&#x627;&#x64A;&#x636;. &#x61B;</subfield>
    <subfield code="c">22 &#x633;&#x645;.</subfield>
  </datafield>
  <datafield tag="504" ind1=" " ind2=" ">
    <subfield code="a">Donation from Dr. Shahraze</subfield>
  </datafield>
  <datafield tag="650" ind1=" " ind2=" ">
    <subfield code="9">17153</subfield>
    <subfield code="a">&#x627;&#x644;&#x635;&#x62D;&#x629; &#x627;&#x644;&#x639;&#x627;&#x645;&#x629;</subfield>
  </datafield>
  <datafield tag="650" ind1=" " ind2=" ">
    <subfield code="9">21978</subfield>
    <subfield code="a">&#x627;&#x644;&#x635;&#x62D;&#x629; &#x627;&#x644;&#x648;&#x642;&#x627;&#x626;&#x64A;&#x629;</subfield>
  </datafield>
  <datafield tag="650" ind1=" " ind2=" ">
    <subfield code="9">30021</subfield>
    <subfield code="a">&#x627;&#x644;&#x62D;&#x645;&#x644; &#x648;&#x627;&#x644;&#x648;&#x644;&#x627;&#x62F;&#x629;</subfield>
  </datafield>
  <datafield tag="653" ind1=" " ind2=" ">
    <subfield code="b">NUR</subfield>
    <subfield code="c">June2012</subfield>
  </datafield>
  <datafield tag="942" ind1=" " ind2=" ">
    <subfield code="2">ddc</subfield>
    <subfield code="c">NRB</subfield>
  </datafield>
  <datafield tag="999" ind1=" " ind2=" ">
    <subfield code="c">16749</subfield>
    <subfield code="d">16749</subfield>
  </datafield>
  <datafield tag="952" ind1=" " ind2=" ">
    <subfield code="0">0</subfield>
    <subfield code="1">0</subfield>
    <subfield code="2">ddc</subfield>
    <subfield code="4">0</subfield>
    <subfield code="7">0</subfield>
    <subfield code="8">Donation-G</subfield>
    <subfield code="a">MAIN</subfield>
    <subfield code="b">MAIN</subfield>
    <subfield code="c">1ST</subfield>
    <subfield code="d">2012-06-06</subfield>
    <subfield code="e">Donation</subfield>
    <subfield code="o">616.692 &#x62A; &#x62F; &#x628;</subfield>
    <subfield code="p">000026791</subfield>
    <subfield code="r">2025-07-15 00:00:00</subfield>
    <subfield code="y">BB</subfield>
  </datafield>
</record>
